Keeping professional advisers out of mischief (Record no. 80372)
[ view plain ]
| 000 -LEADER | |
|---|---|
| fixed length control field | 01143cab a22002415a 4500 |
| 001 - CONTROL NUMBER | |
| control field | L144180 |
| 008 - FIXED-LENGTH DATA ELEMENTS--GENERAL INFORMATION | |
| fixed length control field | 080701e20080628xxka f v 000 0 eng d |
| 035 ## - SYSTEM CONTROL NUMBER | |
| System control number | (Sirsi) u144180 |
| 041 0# - LANGUAGE CODE | |
| Language code of text/sound track or separate title | eng |
| 100 1# - MAIN ENTRY--PERSONAL NAME | |
| Personal name | Joyce, Jacqui |
| 245 00 - TITLE STATEMENT | |
| Title | Keeping professional advisers out of mischief |
| 260 ## - PUBLICATION, DISTRIBUTION, ETC. | |
| Date of publication, distribution, etc. | 2008 |
| 490 ## - SERIES STATEMENT | |
| Series statement | Estates Gazette |
| Volume/sequential designation | (825) 28 June 2008, 166-167(2) |
| 520 ## - SUMMARY, ETC. | |
| Summary, etc. | Explains the changes to the latest changes to the Property Litigation Association Protocol for Terminal Dilapidations Claims for Damages (2002), third edition (E135069). Covers: the background to the introduction of the protocol; comments on the first edition; the main criticisms of the first edition; the revised, third edition; due regard. A flow chart shows the main stages in the protocol. |
| 590 ## - LOCAL NOTE (RLIN) | |
| Local note | KA |
| 650 24 - SUBJECT ADDED ENTRY--TOPICAL TERM | |
| Topical term or geographic name entry element | PROPERTY LITIGATION ASSOCIATION PROTOCOL FOR TERMINAL DILAPIDATIONS CLAIMS FOR DAMAGES |
| 650 24 - SUBJECT ADDED ENTRY--TOPICAL TERM | |
| Topical term or geographic name entry element | LANDLORD AND TENANT ACT 1927 |
| 650 24 - SUBJECT ADDED ENTRY--TOPICAL TERM | |
| Topical term or geographic name entry element | RICS DILAPIDATIONS GUIDANCE NOTE |
| 651 #4 - SUBJECT ADDED ENTRY--GEOGRAPHIC NAME | |
| Geographic name | United Kingdom |
| Chronological subdivision | |
| 690 ## - LOCAL SUBJECT ADDED ENTRY--TOPICAL TERM (OCLC, RLIN) | |
| Topical term or geographic name as entry element | PROPERTY-LEASEHOLD PROPERTY-LANDLORD AND TENANT-DILAPIDATIONS |
| 700 1# - ADDED ENTRY--PERSONAL NAME | |
| Personal name | Conway, Keith |
| 942 ## - ADDED ENTRY ELEMENTS (KOHA) | |
| Suppress in OPAC | 0 |
| Withdrawn status | Lost status | Source of classification or shelving scheme | Damaged status | Not for loan | Home library | Current library | Shelving location | Date acquired | Total Checkouts | Full call number | Barcode | Date last seen | Copy number | Price effective from | Koha item type |
|---|---|---|---|---|---|---|---|---|---|---|---|---|---|---|---|
| Dewey Decimal Classification | London | London | Journal article | 01/07/2008 | L144180 | 144180-1001 | 06/08/2019 | 1 | 06/08/2019 | Journal article |